000 00299nam a22001337a 4500
008 171020b xxu||||| |||| 00| 0 eng d
020 _a9780321077356
041 _aeng
080 _22ND
_a338
100 _a54
101 _aMEN
245 _aINDUSTRIAL ORGANIZATION
_cWALDMAN,D.E
942 _2udc
_cBK
999 _c35040
_d35040